LEADER 01563nam0 2200361 i 450 001 TO00747465 005 20251003044407.0 010 $a8802054932 020 $aIT$b2000-1525 100 $a20130827d1999 ||||0itac50 ba 101 | $aita 102 $ait 181 1$6z01$ai $bxxxe 182 1$6z01$an 200 1 $aˆLa ‰riforma dell'adozione internazionale$ecommento alla L. 31 dicembre 1998, n. 476$fPaolo Morozzo della Rocca 210 $aTorino$cUTET$d[1999! 215 $aXII, 254p.$d25 cm. 225 | $aˆIl ‰diritto attuale$v37 410 0$1001CFI0020782$12001 $aˆIl ‰diritto attuale$v37 606 $aAdozione$xLegislazione$2FIR$3CFIC010914$9I 676 $a346.450178$9FILIAZIONE. ADOZIONE. ITALIA$v19 676 $a346.450178$9DIRITTO DELLE PERSONE E DIRITTO DI FAMIGLIA. ITALIA$v21 676 $a362.734$9PROBLEMI E SERVIZI PER I GIOVANI. ADOZIONE$v21 700 1$aMorozzo della Rocca$b, Paolo$3TO0V155925$4070$0240806 801 3$aIT$bIT-000000$c20130827 850 $aIT-BN0095 $aIT-AV0007 901 $bNAP 01$cD $n$ 901 $bNAP AV$cSEZ. M $nSezione Moderna 912 $aTO00747465 950 0$aBiblioteca Centralizzata di Ateneo$d 01D (AR) 30 569$e 01AR 0700305695 VMA 1 v.$fY $h20131008$i20131008$d 01D (C) 000 121$e 01C 0008001215 VMA 1 v.$fY $h20120910$i20120910 977 $a 01$a AV 996 $aRiforma dell'adozione internazionale$9662484 997 $aUNISANNIO